000 00445nam a22001697a 4500
005 20180703105532.0
008 160622b xxu||||| |||| 00| 0 eng d
020 _a0-415-18530-0
041 _aeng
082 _b9158
_a658
100 _aFlood, Robert Louis
_94427
245 _aRethinking the fifth Discipline:learning within the unknowable
260 _bRoutledge
_c2002
_anew york
300 _a194
650 _aManagement
_9241
942 _cBK
999 _c3527
_d3526